Statistics for Top 10 Kebab Shops in Basingstoke

Click here to take the quiz!

General Stats

  • This quiz has been taken 8 times
  • The average score is 4 of 10

Answer Stats

RatingAnswer% Correct
2.9/5Chick-Mex
57%
4.5/5Joes Kebabs
57%
3.8/5Smiley's Kebab
57%
4.0/5German Doner Kebab
43%
5.0/5Basingstoke Kebab House
29%
3.0/5King's Pizza and Kebabs
29%
4.1/5Station Kebab
29%
3.9/5TheKebabVan
29%
4.4/5The Meldiz Turkish Restaurant
29%
4.0/5The Shish Restaurant
29%

Score Distribution

Percentile by Number Answered

Percent of People with Each Score

Your Score History

You have not taken this quiz